Nonlinear optimization and applications /
Guardado en:
| Otros Autores: | , |
|---|---|
| Formato: | Libro |
| Idioma: | English |
| Publicado: |
New York :
Plenum Press,
1996.
|
| Etiquetas: |
Agregar Etiqueta
Sin Etiquetas, Sea el primero en etiquetar este registro!
|
| LEADER | 00864nam a22001935a 4500 | ||
|---|---|---|---|
| 001 | MAT.inmabb000027 | ||
| 008 | 960508s1996####nyua#####b####101#0#eng## | ||
| 005 | 20170526124454.0 | ||
| 245 | 0 | 0 | |a Nonlinear optimization and applications / |c edited by G. Di Pillo and F. Giannessi. |
| 260 | |a New York : |b Plenum Press, |c 1996. | ||
| 300 | |a xii, 367 p. : |b il. ; |c 26 cm. | ||
| 500 | |a Lectures presented at the Workshop on Nonlinear Optimization: Theory and Applications, held in Erice at the "G. Stampacchia" School of Mathematics of the "E. Majorana" International Centre for Scientific Culture, June 13-21, 1995. | ||
| 504 | |a Includes bibliographical references (p. 358-259) and index. | ||
| 020 | |a 0306453169 | ||
| 700 | 1 | |a Di Pillo, G. |4 edt | |
| 700 | 1 | |a Giannessi, F. |4 edt | |
| 084 | |a 00B25 |2 msc2000 | ||
| 084 | |a 90-06 |2 msc2000 | ||
| 859 | |h 00B25 |i N814 |p A-7723 |b BIB. MATEMATICA | ||
